Statistiques concernant Top 15 des pays avec les décès de Covid-19 - 31 janvier

Cliquez ici pour prendre le quiz!

Statistiques générales

  • Ce quiz a été pris 29 fois
  • Le résultat moyen est 13 sur 24

Statistiques - réponses

pays% Correct
France
100%
Etats-Unis
93%
Espagne
86%
Russie
86%
Allemagne
83%
Brésil
83%
Inde
79%
Italie
79%
Royaume-Uni
79%
Belgique
76%
Portugal
72%
Argentine
69%
Mexique
66%
Colombie
59%
Afrique du Sud
48%
Pérou
34%
Iran
31%
Tchèquie
31%
Hongrie
24%
Bulgarie
14%
Croatie
14%
Slovénie
14%
Bosnie-Herzégovine
10%
Macédoine du Nord
7%

Distribution des résultats

Percentile par nombre de réponses

% des personnes avec chaque résultat

Votre développement - résultats

Vous n’avez pas pris ce quiz